|
|
|
|
| LEADER |
02716nam a2200637 i 4500 |
| 001 |
nkc20213312457 |
| 003 |
CZ PrNK |
| 005 |
20220202075950.0 |
| 007 |
ta |
| 008 |
210316s2021 xr a f m 000 0 cze |
| 015 |
|
|
|a cnb003312457
|
| 020 |
|
|
|a 978-80-248-4486-2
|q (brožováno) :
|c neprodejné
|
| 035 |
|
|
|a (OCoLC)1302726995
|
| 040 |
|
|
|a BOA001
|b cze
|e rda
|
| 041 |
0 |
|
|a cze
|a eng
|b cze
|b eng
|
| 072 |
|
7 |
|a 620.1/.2
|x Nauka o materiálu
|2 Konspekt
|9 19
|
| 080 |
|
|
|a 620.178.3
|2 MRF
|
| 080 |
|
|
|a 669.715
|2 MRF
|
| 080 |
|
|
|a 621.8
|2 MRF
|
| 080 |
|
|
|a (043.3)
|2 MRF
|
| 080 |
|
|
|a (048.3)
|2 MRF
|
| 100 |
1 |
|
|a Ličková, Dagmar,
|d 1989-
|7 jo20221137767
|4 dis
|
| 245 |
1 |
0 |
|a Kritéria nízkocyklové únavy pro víceosé namáhání materiálu :
|b teze disertační práce /
|c Dagmar Ličková
|
| 250 |
|
|
|a 1. vydání
|
| 264 |
|
1 |
|a Ostrava :
|b VŠB - Technická univerzita Ostrava, Fakulta strojní,
|c 2021
|
| 300 |
|
|
|a 40 stran :
|b ilustrace (některé barevné) ;
|c 21 cm
|
| 336 |
|
|
|a text
|b txt
|2 rdacontent
|
| 337 |
|
|
|a bez média
|b n
|2 rdamedia
|
| 338 |
|
|
|a svazek
|b nc
|2 rdacarrier
|
| 490 |
1 |
|
|a Vědecké spisy Fakulty strojní. Autoreferáty disertačních prací ;
|v sv. 379
|
| 500 |
|
|
|a "Studijní program: P2346 Strojní inženýrství, studijní obor: 3901V003 Aplikovaná mechanika"
|
| 500 |
|
|
|a 21 výtisků
|
| 502 |
|
|
|a Teze disertační práce (Ph.D.)--Vysoká škola báňská - Technická univerzita Ostrava, Fakulta strojní, 2021
|
| 504 |
|
|
|a Obsahuje bibliografie
|
| 546 |
|
|
|a Částečně souběžný anglický text, české a anglické resumé
|
| 650 |
0 |
7 |
|a únava materiálu
|7 ph128339
|2 czenas
|
| 650 |
0 |
7 |
|a zkoušky na únavu materiálu
|7 ph136582
|2 czenas
|
| 650 |
0 |
7 |
|a slitiny hliníku
|7 ph162641
|2 czenas
|
| 650 |
0 |
7 |
|a strojní části
|7 ph126142
|2 czenas
|
| 650 |
0 |
9 |
|a material fatigue
|2 eczenas
|
| 650 |
0 |
9 |
|a fatigue tests
|2 eczenas
|
| 650 |
0 |
9 |
|a aluminium alloys
|2 eczenas
|
| 650 |
0 |
9 |
|a machine parts
|2 eczenas
|
| 653 |
0 |
|
|a nízkocyklová únava materiálu
|
| 655 |
|
7 |
|a disertace
|7 fd132024
|2 czenas
|
| 655 |
|
7 |
|a teze
|7 fd133701
|2 czenas
|
| 655 |
|
9 |
|a dissertations
|2 eczenas
|
| 655 |
|
9 |
|a abstracts
|2 eczenas
|
| 710 |
2 |
|
|a Vysoká škola báňská - Technická univerzita Ostrava.
|b Strojní fakulta
|7 kn20010709395
|4 isb
|
| 810 |
2 |
|
|a Vysoká škola báňská - Technická univerzita Ostrava.
|b Strojní fakulta.
|t Vědecké spisy.
|p Autoreferáty disertačních prací
|0 s
|
| 910 |
2 |
|
|a BOA001
|b 2-1477.692
|
| 928 |
9 |
|
|a Vysoká škola báňská - Technická univerzita Ostrava, Strojní fakulta
|
| 990 |
|
|
|a BK
|
| 995 |
|
|
|a 01
|
| 991 |
|
|
|b 202112
|c NOV
|
| 996 |
6 |
|
|b 2610886129
|c 2-1477.692
|l MZK
|r Sklad / do 1 hodiny
|n 0
|p p.v.
|w 001869427
|u 000010
|a 1
|e BOA001
|j MZK50
|s P
|